01219nam a2200337 a 450000100060000000300080000600500170001400600190003100700150005000800410006502000180010603500230012403500240014703500250017103500220019604000260021805000220024408000080026608200120027410000390028624501590032526000630048430000110054753301640055865000180072265000160074065500270075671000190078385600620080299900170086438582FlNmELB20241216221607.0m o d | cr cn|||||||||201111r2010 ck |||||s|||||||||||spa d z9789588085951 a(MiAaPQ)EBC3195156 a(Au-PeEL)EBL3195156 a(CaPaEBR)ebr10498484 a(OCoLC)1105879021 aFlNmELBbspacFlNmELB 4aHF5635bR696 2010 a65704a6572221 aRodríguez Rocha, Jaime Fernando.10aSu inteligencia administrativa vía interneth[recurso electronico] :bsu contabilidad administrativa vía internet /cJaime Fernando Rodríguez Rocha. aBogotá :bEditorial Politécnico Grancolombiano,c2010. a111 p. aRecurso electrónico. Santa Fe, Arg.: e-libro, 2015. Disponible vía World Wide Web. El acceso puede estar limitado para las bibliotecas afiliadas a e-libro. 0aContabilidad. 0aAccounting. 4aLibros electrónicos.2 ae-libro, Corp.40uhttps://elibro.net/ereader/politecnicointernacional/70785 c38582d38582